Použitie rozličných technických prostriedkov pri analýze techniky skoku do diaľky

Bibliographic Details
Main Authors: Bercel, Martin (Author), Slamka, Miloš (Author), Šelinger, Peter (Author), Moravec, Roman, 1950-2009 (Author)
Format: Article
Language:Slovak

MARC

LEADER 00000nab a2200000uu 4500
001 vtls010903057
003 SK-MaSNL
005 20260303142435.0
008 230222|1997 xo |||||||||||||||||slo|
015 |a SNBRB 
035 |a (urnnbn)urn:nbn:sk:snk:ar-a07pv0 
035 |a (uuid)6c794f3f-059b-4658-80b8-9cfae24eddd7 
035 |a urn:nbn:sk:snk-ab8u6f 
040 |a SNKBUCL  |b slo  |c SNKBUCL  |e AACR2 
041 0 |a slo 
044 |a xo  |c SK 
100 1 |a Bercel, Martin  |4 aut  |9 712977 
245 1 0 |a Použitie rozličných technických prostriedkov pri analýze techniky skoku do diaľky  |c Martin Bercel, Miloš Slamka, Peter Šelinger, Roman Moravec 
700 1 |a Slamka, Miloš  |4 aut  |9 267538 
700 1 |a Šelinger, Peter  |4 aut  |9 744679 
700 1 |a Moravec, Roman,  |d 1950-2009  |4 aut  |9 109705 
773 0 |t Acta Facultatis Educationis Physicae Universitatis Comenianae  |g Roč. 38, č. 38 (1997), s. 111-118 
954 |a odborná, vedecká literatúra pôvodná (slovenská)  |2 lita 
958 |a OND 
958 |a EUIPO 
958 |a article10 
999 |c 1982924  |d 1984854